| 000 | 00499nam a2200169Ia 4500 | ||
|---|---|---|---|
| 008 | 240729s9999 xx 000 0 und d | ||
| 022 | _a2356-6523 | ||
| 245 | 0 | _aEgyptian Society of Clinical Toxicology Journal | |
| 260 | _aEgypt | ||
| 260 | _bThe Egyptian Society of Clinical Toxicology | ||
| 650 | _a Public aspects of medicine | ||
| 650 | _a Toxicology. Poisons | ||
| 650 | _aMedicine | ||
| 856 | _uhttps://doaj.org/toc/8b745d12030a48219a2bf875359aa42c | ||
| 942 | _2ddc | ||
| 942 | _cDOAJEJ | ||
| 999 |
_c74902 _d74902 |
||
| 945 |
_a1 _bMadushi Gamage _c1 _dMadushi Gamage |
||